|
|
|
|
| LEADER |
01079nam a2200253 a 4500 |
| 001 |
1995729 |
| 008 |
091006s1991 enka b 001 0 eng d |
| 010 |
|
|
|a 90002339
|
| 020 |
|
|
|a 0412319004 (pbk.)
|
| 040 |
|
|
|a DNLM/DLC
|c DLC
|d DLC
|
| 082 |
0 |
0 |
|a 362.2/2/0941
|2 20
|
| 245 |
0 |
0 |
|a Managing community health services /
|c edited by Allan McNaught.
|
| 250 |
|
|
|a 1st ed.
|
| 260 |
|
|
|a London ;
|a New York :
|b Chapman and Hall,
|c 1991.
|
| 300 |
|
|
|a x, 172 p. :
|b ill. ;
|c 22 cm.
|
| 504 |
|
|
|a Includes bibliographical references (p. [159]-169) and index.
|
| 541 |
1 |
|
|e 00004172
|
| 650 |
|
0 |
|a Community health services
|z Great Britain
|x Management.
|
| 650 |
|
2 |
|a Community Health Services
|x organization and administration
|z Great Britain.
|
| 650 |
|
2 |
|a Community Health Services
|x trends
|z Great Britain.
|
| 700 |
1 |
|
|a McNaught, Allan,
|d 1952-
|
| 852 |
4 |
|
|a Ayesha Abed Library
|j General Shelf.
|
| 999 |
|
|
|c 4278
|d 4278
|
| 952 |
|
|
|0 0
|1 0
|2 ddc
|4 0
|6 362_220941000000000_MAN_1991
|7 0
|9 3947
|a BRACUL
|b BRACUL
|c GEN
|d 2009-10-06
|g 1680.00
|l 1
|m 1
|o 362.220941 MAN
|p 3010004172
|r 2011-08-25
|s 2011-08-16
|t 1
|w 2009-10-06
|y BK
|